Fictional Schools of Literature Quiz Stats

 Plays Quiz Updated Feb 16, 2015

Challenge
Share
Tweet
Score 0/20 Timer 04:00
0 Plays Today
% Correct
Hogwarts School of Witchcraft and Wizardry
98.5%
Miss Cackle's Academy for Witches
67.2%
Forks High School
61%
Crunchem Hall Academy
44.8%
Walkerville Elementary School
42.1%
The Citadel
40.1%
Stoneybrook Middle School
32.6%
Shiz University
30.9%
Pencey Preparatory School
30.7%
Constance Billard School for Girls
30.1%
% Correct
Lowood
28.7%
Jordan College, Oxford
28.3%
Miss Pinkerton's Academy for Young Ladies
23.4%
Unseen University
23%
Dotheboys Hall
22.7%
Shiroiwa Junior High
21.9%
Yancy Academy
17%
Miskatonic University
16.5%
Culver Creek Preparatory High School
16.3%
Reardon High School
9.7%

You're not logged in!

Compare scores with friends on all Sporcle quizzes.
OR
Log In

You Might Also Like...

Show Comments

Extras

Top Quizzes Today


Score Distribution

Your Account Isn't Verified!

In order to create a playlist on Sporcle, you need to verify the email address you used during registration. Go to your Sporcle Settings to finish the process.

Report this User

Report this user for behavior that violates our Community Guidelines.

Details: